000 00561cam a22002291 4500
001 sa 64007694
003 DLC
005 20260227112048.0
008 890913s1961 pk 000 1 urdr
010 _asa 64007694
035 _a(OCoLC)20335867
040 _aDLC
_cWaU
_dDLC
042 _apremarc
050 0 0 _aPK2200.C5
_bE4
100 1 _aChandar, Krishan.
245 1 0 _aEk k̲h̲ushbū uṛī uṛī sī.
260 _c[1961?]
300 _a352 p.
_c18 cm.
500 _aIn Urdu.
500 _aText partially vocalized.
500 _aShort stories.
999 _c60417
_d60417